书目信息 |
| 题名: |
建筑结构
|
|
| 作者: | 张季超 主编 ;李全云 , 许勇副 主编 | |
| 分册: | ||
| 出版信息: | 北京 高等教育出版社 2010.07 |
|
| 页数: | 453页 | |
| 开本: | 24cm | |
| 丛书名: | ||
| 单 册: | ||
| 中图分类: | TU3 | |
| 科图分类: | ||
| 主题词: | 建筑结构--高等学校--教材 | |
| 电子资源: | ||
| ISBN: | 978-7-04-029035-6 | |
| 000 | 01006nam0 2200265 450 | |
| 001 | 012010618615 | |
| 005 | 20101122180503.46 | |
| 010 | @a978-7-04-029035-6@dCNY45.20 | |
| 100 | @a20101129d2010 em y0chiy0110 ea | |
| 101 | 0 | @achi |
| 102 | @aCN@b110000 | |
| 105 | @aa a 000yy | |
| 200 | 1 | @a建筑结构@Ajian zhu jie gou@f张季超主编@g李全云, 许勇副主编 |
| 210 | @a北京@c高等教育出版社@d2010.07 | |
| 215 | @a453页@c图@d24cm | |
| 300 | @a高等学校建筑学与城市规划专业系列教材 全国教育科学“十一五”规划课题研究成果 | |
| 320 | @a有书目 (第453页) | |
| 330 | @a本书共分13章,包括材料性能及选用、钢筋混凝土受弯构件、钢筋混凝土受压构件、混凝土结构正常使用极限状态验算、钢结构的强度和稳定性、钢结构的连接、木结构、砌体结构、地基与基础的基础知识、建筑抗震基本知识、梁板结构等。 | |
| 606 | 0 | @a建筑结构@x高等学校@j教材 |
| 690 | @aTU3@v4 | |
| 701 | 0 | @a张季超@Azhang ji chao@4主编 |
| 702 | 0 | @a李全云@Ali quan yun@4主编 |
| 702 | 0 | @a许勇副@Axu yong fu@4主编 |
| 801 | 0 | @c20101129 |
| 905 | @dTU3@eZ120-2 | |
| 建筑结构/张季超主编/李全云, 许勇副主编.-北京:高等教育出版社,2010.07 |
| 453页:图;24cm |
| 高等学校建筑学与城市规划专业系列教材 全国教育科学“十一五”规划课题研究成果 |
| ISBN 978-7-04-029035-6:CNY45.20 |
| 本书共分13章,包括材料性能及选用、钢筋混凝土受弯构件、钢筋混凝土受压构件、混凝土结构正常使用极限状态验算、钢结构的强度和稳定性、钢结构的连接、木结构、砌体结构、地基与基础的基础知识、建筑抗震基本知识、梁板结构等。 |
| ● |
| 相关链接 |
|
|
|
正题名:建筑结构
索取号:TU3/Z120-2
 
预约/预借
| 序号 | 登录号 | 条形码 | 馆藏地/架位号 | 状态 | 备注 |
| 1 | 1034575 | 210345759 | 建筑库101/101建筑库 75排2列1层/ [索取号:TU3/Z120-2] | 在馆 | |
| 2 | 1034576 | 210345768 | 建筑库101/101建筑库 75排2列1层/ [索取号:TU3/Z120-2] | 在馆 | |
| 3 | 1034577 | 210345777 | 建筑库101/101建筑库 75排2列1层/ [索取号:TU3/Z120-2] | 在馆 |